| 000 | 00759nam a2200205 a 4500 | ||
|---|---|---|---|
| 003 | 0 | ||
| 005 | 20250311163241.0 | ||
| 008 | 090729s19uu xx 00 eng d | ||
| 050 |
_aPHS BF 697.5.S43 _b.Or74 2009 |
||
| 100 | _aOrnelas, Maria Charlene J. | ||
| 245 |
_aSelf-esteem of adults with bone fractures / _cMaria Charlene J. Ornelas. |
||
| 260 |
_aLas PiƱas City, Philippines : _bSouthville International School and Colleges, _c2009. |
||
| 300 |
_a45 pages : _billustrations ; _c28 cm. |
||
| 504 | _aIncludes bibliographical references. | ||
| 650 | _aSelf-esteem. | ||
| 650 |
_aBones _xFractures _vPatients _vPsychology. |
||
| 650 |
_aPeople with disabilities _xPsychology. |
||
| 650 |
_aFractures (Injuries) _xPsychological aspects. |
||
| 942 |
_2lcc _cPASS |
||
| 999 |
_c98287 _d98287 |
||